Los dioses de Grecia: la imagen de lo divino a la luz del espíritu griego

Kaydedildi:
Detaylı Bibliyografya
Yazar: Otto, Walter F. (autor)
Materyal Türü: Kitap
Dil:İspanyolca
Baskı/Yayın Bilgisi: Buenos Aires EUDEBA 1976
Edisyon:2a. ed
Konular:
Etiketler: Etiketle
Etiket eklenmemiş, İlk siz ekleyin!

MARC

LEADER 00000nam a2200000 a 4500
001 UCV7663
003 CL-VaPUC
008 890524e19760000AG |||||||||||||||||spa|d
082 0 4 |a 292.08  |b OTT  |2 21 
100 |a Otto, Walter F.  |e autor  |9 592531 
245 1 4 |a Los dioses de Grecia: la imagen de lo divino a la luz del espíritu griego 
250 |a 2a. ed 
300 |a 244 p 
942 |c BK 
945 |d 19890524 00:00:00 
260 |a Buenos Aires  |b EUDEBA  |c 1976 
650 0 |a Mitología griega   |9 265313 
650 0 |a Religión   |9 255164 
651 0 |a Grecia  |9 265314 
583 |a last modification  |c 19890524 00:00:00  |k Rodrigo Vera 
999 |c 213306  |d 213304 
952 |0 0  |1 0  |4 0  |6 292_080000000000000_OTT_1976  |7 0  |8 P  |9 195563  |a BIBARQ  |b BIBARQ  |d 2019-11-14  |i 263595K  |o 292.08 OTT 1976  |p 263595K  |r 2025-01-20  |w 2019-11-14  |y BK  |k ARQ 
952 |0 0  |1 0  |4 0  |6 292_080000000000000_OTT_1976  |7 0  |8 A  |9 195564  |a BIBHIS  |b BIBHIS  |d 2019-11-14  |i 1332147  |o 292.08 OTT 1976  |p 1332147  |r 2025-01-20  |w 2019-11-14  |y BK  |k HIS